[Event "10. European Club Cup for Women 2005"]
[Site "Saint Vincent ITA"]
[Date "2005.09.18"]
[Round "1.2"]
[White "Shumiakina, Tatiana"]
[Black "Prudnikova, Svetlana"]
[Result "1-0"]
[WhiteElo "2328"]
[BlackElo "2370"]
[PlyCount "71"]
[EventDate "2005.09.18"]
[EventType "team"]
[EventRounds "7"]
[EventCountry "ITA"]
[Source "lmi"]
[SourceDate "2005.09.25"]

1. d4 d5 2. c4 e6 3. Nf3 c6 4. e3 f5 5. Bd3 Nf6 6. O-O Bd6 7. b3 Qe7 8. a4 a5
9. Ba3 Nbd7 10. Bxd6 Qxd6 11. cxd5 Nxd5 12. Nbd2 O-O 13. Rc1 N7f6 14. e4 fxe4
15. Nxe4 Nxe4 16. Bxe4 Bd7 17. Re1 Rad8 18. Bb1 Nf6 19. Rc5 b6 20. Rce5 Bc8 21.
Qc2 g6 22. h3 Nd5 23. Qd2 Rf4 24. Be4 Rdf8 25. Qd3 Nb4 26. Qc4 R8f6 27. Qc3 Bd7
28. g3 Rxe4 29. R1xe4 Qf8 30. Kg2 c5 31. dxc5 bxc5 32. Rf4 Rxf4 33. gxf4 Nd5
34. Qc4 Nxf4+ 35. Kh2 Bc6 36. Qxc5 1-0

[Event "10. European Club Cup for Women 2005"]
[Site "Saint Vincent ITA"]
[Date "2005.09.18"]
[Round "1.3"]
[White "Matnadze, Ana"]
[Black "Korbut, Ekaterina"]
[Result "1/2-1/2"]
[WhiteElo "2389"]
[BlackElo "2409"]
[PlyCount "49"]
[EventDate "2005.09.18"]
[EventType "team"]
[EventRounds "7"]
[EventCountry "ITA"]
[Source "lmi"]
[SourceDate "2005.09.25"]

1. d4 d5 2. Nf3 Nf6 3. g3 Bf5 4. Bg2 e6 5. O-O Nbd7 6. c4 c6 7. Nc3 Be7 8. Qb3
Qb6 9. c5 Qa6 10. Nh4 Bg6 11. Nxg6 hxg6 12. e4 dxe4 13. Nxe4 Nd5 14. Re1 b6 15.
Nd6+ Kf8 16. Be3 bxc5 17. dxc5 Rb8 18. Qc2 Rh5 19. Bd4 Bxd6 20. Bf1 Qc8 21.
cxd6 c5 22. Bc3 Nxc3 23. bxc3 Rd5 24. Rad1 Qc6 25. Qa4 1/2-1/2

[Event "10. European Club Cup for Women 2005"]
[Site "Saint Vincent ITA"]
[Date "2005.09.18"]
[Round "1.4"]
[White "Cramling, Pia"]
[Black "Pogonina, Natalija"]
[Result "1/2-1/2"]
[WhiteElo "2494"]
[BlackElo "2413"]
[PlyCount "77"]
[EventDate "2005.09.18"]
[EventType "team"]
[EventRounds "7"]
[EventCountry "ITA"]
[Source "lmi"]
[SourceDate "2005.09.25"]

1. d4 Nf6 2. Nf3 c5 3. d5 b5 4. Bg5 d6 5. e4 a6 6. Nbd2 g6 7. a4 bxa4 8. c3 Bg7
9. Qxa4+ Nbd7 10. Bd3 O-O 11. Nc4 Nb6 12. Qc2 Nxc4 13. Bxc4 Nd7 14. O-O Nb6 15.
Bd3 Qc7 16. Qd2 a5 17. Bh6 a4 18. Rfe1 Bg4 19. Nh4 Bd7 20. c4 e5 21. dxe6 Bxe6
22. Bxg7 Kxg7 23. Nf5+ Kg8 24. Bf1 Rad8 25. Rad1 f6 26. Ne3 Rfe8 27. Qc3 Qf7
28. Rd2 Rd7 29. Red1 Red8 30. Be2 Kg7 31. f4 Qe7 32. Bf3 Nc8 33. Re2 Qf8 34. g4
Rb7 35. g5 Rb3 36. Qxf6+ Qxf6 37. gxf6+ Kxf6 38. Kf2 Kg7 39. e5 1/2-1/2

[Event "21. European Club Cup 2005"]
[Site "Saint Vincent ITA"]
[Date "2005.09.18"]
[Round "1.8"]
[White "Lapienis, Donatas"]
[Black "Golod, Vitali"]
[Result "0-1"]
[WhiteElo "2311"]
[BlackElo "2582"]
[PlyCount "67"]
[EventDate "2005.09.18"]
[EventType "team"]
[EventRounds "7"]
[EventCountry "ITA"]
[Source "lmi"]
[SourceDate "2005.09.25"]

1. d4 d5 2. c4 dxc4 3. Nf3 c6 4. e3 Be6 5. a4 Nf6 6. Na3 c5 7. Nxc4 Nc6 8. Be2
cxd4 9. exd4 Bd5 10. O-O e6 11. Ne3 Be7 12. Ne5 O-O 13. Nxd5 Nxd5 14. Nxc6 bxc6
15. Bd2 Bf6 16. Bc3 Rc8 17. Ba6 Rb8 18. Rc1 Nxc3 19. bxc3 Qa5 20. Bd3 Rfd8 21.
Qc2 g6 22. Rb1 Bg7 23. g3 h5 24. h4 c5 25. dxc5 Qxc5 26. Rxb8 Rxb8 27. Rc1 g5
28. hxg5 Qxg5 29. Kf1 h4 30. gxh4 Qxh4 31. Be4 Rd8 32. Re1 Qg5 33. Re2 Rb8 34.
Bf3 0-1

[Event "21. European Club Cup 2005"]
[Site "Saint Vincent ITA"]
[Date "2005.09.18"]
[Round "1.8"]
[White "Zagorskis, Darius"]
[Black "Huzman, Alexander"]
[Result "1/2-1/2"]
[WhiteElo "2478"]
[BlackElo "2577"]
[PlyCount "72"]
[EventDate "2005.09.18"]
[EventType "team"]
[EventRounds "7"]
[EventCountry "ITA"]
[Source "lmi"]
[SourceDate "2005.09.25"]

1. Nf3 d5 2. d4 Nf6 3. c4 e6 4. Bg5 h6 5. Bxf6 Qxf6 6. Nc3 c6 7. Qb3 dxc4 8.
Qxc4 Nd7 9. e4 e5 10. d5 Nb6 11. Qb3 Bg4 12. Be2 Bc5 13. O-O O-O 14. dxc6 bxc6
15. Qc2 Rfd8 16. Rfd1 h5 17. Rxd8+ Rxd8 18. Rd1 g6 19. Rxd8+ Qxd8 20. Nd1 Bxf3
21. Bxf3 Qd6 22. h4 Bd4 23. Be2 Qb4 24. Kf1 Qe7 25. g3 Qe6 26. Kg2 Qxa2 27.
Qxc6 Kg7 28. Qc2 Qa5 29. Kf1 Qb4 30. b3 Qa3 31. Bb5 Qa5 32. Bd3 Nd7 33. Bc4 Nf6
34. Be2 Qa1 35. Bf3 Qa5 36. Be2 Qa1 1/2-1/2

[Event "21. European Club Cup 2005"]
[Site "Saint Vincent ITA"]
[Date "2005.09.18"]
[Round "1.11"]
[White "Sokolov, Andrei"]
[Black "Winants, Luc"]
[Result "1-0"]
[WhiteElo "2603"]
[BlackElo "2543"]
[PlyCount "80"]
[EventDate "2005.09.18"]
[EventType "team"]
[EventRounds "7"]
[EventCountry "ITA"]
[Source "lmi"]
[SourceDate "2005.09.25"]

1. e4 e5 2. Nf3 Nc6 3. Bb5 a6 4. Ba4 d6 5. O-O Bg4 6. h3 h5 7. Bxc6+ bxc6 8. d4
Bxf3 9. Qxf3 exd4 10. Rd1 Qd7 11. Rxd4 g6 12. Nc3 Bg7 13. Rd3 Ne7 14. Bg5 O-O
15. Bf6 Bxf6 16. Qxf6 Qe6 17. Qg5 f5 18. Re1 Rae8 19. Re2 f4 20. Rf3 Qe5 21.
Qxe5 dxe5 22. Rd2 Nc8 23. h4 Nd6 24. b3 Kf7 25. Rfd3 Rg8 26. f3 g5 27. hxg5
Rxg5 28. Na4 h4 29. Rc3 h3 30. Rxc6 Nb5 31. Rh6 Rxg2+ 32. Rxg2 hxg2 33. Kxg2
Rd8 34. Rh2 Rd1 35. c3 Rd3 36. Rh5 Rd2+ 37. Kh3 Kf6 38. Rh6+ Kf7 39. Rh5 Kf6
40. Rf5+ Ke6 1-0

[Event "21. European Club Cup 2005"]
[Site "Saint Vincent ITA"]
[Date "2005.09.18"]
[Round "1.14"]
[White "Colovic, Aleksandar"]
[Black "Xheladini, Mahmut"]
[Result "1-0"]
[WhiteElo "2460"]
[BlackElo "2242"]
[PlyCount "60"]
[EventDate "2005.09.18"]
[EventType "team"]
[EventRounds "7"]
[EventCountry "ITA"]
[Source "lmi"]
[SourceDate "2005.09.25"]

1. e4 c6 2. d4 d6 3. Nc3 Nd7 4. Nf3 e5 5. Bc4 Be7 6. dxe5 dxe5 7. Ng5 Bxg5 8.
Qh5 g6 9. Qxg5 Qxg5 10. Bxg5 h6 11. Be3 Ngf6 12. f3 b6 13. a4 a5 14. O-O-O Ke7
15. Rd2 Ba6 16. Ba2 Ra7 17. Rhd1 Rc7 18. g4 Bc8 19. h4 Kf8 20. Bc4 Kg7 21. Ne2
Re8 22. Ng3 Nh7 23. Rd6 Nc5 24. b3 Nf8 25. Nf5+ gxf5 26. gxf5 Kh8 27. Rg1 Nh7
28. Bxh6 f6 29. Rxc6 Ra7 30. Rxb6 Ba6 1-0

[Event "21. European Club Cup 2005"]
[Site "Saint Vincent ITA"]
[Date "2005.09.21"]
[Round "4.1"]
[White "Bacrot, Etienne"]
[Black "Bologan, Viktor"]
[Result "1/2-1/2"]
[WhiteElo "2729"]
[BlackElo "2700"]
[PlyCount "114"]
[EventDate "2005.09.18"]
[EventType "team"]
[EventRounds "7"]
[EventCountry "ITA"]
[Source "lmi"]
[SourceDate "2005.09.25"]

1. e4 c6 2. d4 d5 3. Nd2 dxe4 4. Nxe4 Nd7 5. Ng5 Ngf6 6. Bd3 e6 7. N1f3 Bd6 8.
Qe2 h6 9. Ne4 Nxe4 10. Qxe4 Qc7 11. Qg4 Kf8 12. O-O c5 13. b3 e5 14. c3 exd4
15. cxd4 Ne5 16. Qe4 Nxf3+ 17. Qxf3 Bxh2+ 18. Kh1 Bd6 19. Bb2 Qe7 20. Kg1 Qh4
21. g3 Qg4 22. Qd5 Qe6 23. Qg2 Qh3 24. Ba3 Qxg2+ 25. Kxg2 b6 26. Be4 Rb8 27.
Rac1 Bb7 28. Bxb7 Rxb7 29. dxc5 bxc5 30. Rcd1 Be7 31. Bxc5 g5 32. Rd8+ Kg7 33.
Bd4+ f6 34. Rxh8 Kxh8 35. Rc1 Kg7 36. Kf3 a5 37. Rc6 a4 38. bxa4 Rb4 39. Ke4
Rxa4 40. Rc7 Kf8 41. Ra7 Rxa7 42. Bxa7 h5 43. Kf5 h4 44. gxh4 gxh4 45. Kg4 f5+
46. Kh3 Kf7 47. f3 Ke6 48. Bf2 Kd5 49. Bxh4 Ba3 50. Bf2 Bc1 51. Kg3 Kc4 52. a4
Bg5 53. Be1 Bf4+ 54. Kf2 Bg5 55. Ke2 Bf6 56. Bd2 Bh4 57. Be1 Bg5 1/2-1/2

[Event "21. European Club Cup 2005"]
[Site "Saint Vincent ITA"]
[Date "2005.09.23"]
[Round "6.3"]
[White "Ivanchuk, Vassily"]
[Black "Volkov, Sergey"]
[Result "1-0"]
[WhiteElo "2752"]
[BlackElo "2622"]
[PlyCount "81"]
[EventDate "2005.09.18"]
[EventType "team"]
[EventRounds "7"]
[EventCountry "ITA"]
[Source "lmi"]
[SourceDate "2005.09.25"]

1. e4 e6 2. Nc3 d5 3. d4 Nf6 4. Bg5 dxe4 5. Nxe4 Be7 6. Bxf6 gxf6 7. Nf3 f5 8.
Nc3 a6 9. g3 b5 10. Bg2 Bb7 11. O-O c5 12. d5 Kf8 13. Qe2 b4 14. dxe6 bxc3 15.
exf7 cxb2 16. Rad1 Qb6 17. Rfe1 Qf6 18. c3 Be4 19. Nh4 Nc6 20. Bxe4 fxe4 21.
Qxe4 Rd8 22. Rb1 Rd2 23. Nf3 Rd6 24. Rxb2 Kxf7 25. Rb6 Ke8 26. Re3 Rf8 27. Qxh7
Rf7 28. Qg8+ Rf8 29. Qc4 a5 30. Kg2 Rf7 31. Qxc5 Kf8 32. Qh5 Kg8 33. Qg4+ Rg7
34. Qc4+ Rf7 35. Qg4+ Rg7 36. Qc8+ Bf8 37. Re8 Rg6 38. h4 Qf7 39. Rb7 Qf6 40.
Ng5 Ne5 41. Rf7 1-0

[Event "21. European Club Cup 2005"]
[Site "Saint Vincent ITA"]
[Date "2005.09.24"]
[Round "7.5"]
[White "Volkov, Sergey"]
[Black "Rublevsky, Sergei"]
[Result "1/2-1/2"]
[WhiteElo "2622"]
[BlackElo "2645"]
[PlyCount "35"]
[EventDate "2005.09.18"]
[EventType "team"]
[EventRounds "7"]
[EventCountry "ITA"]
[Source "lmi"]
[SourceDate "2005.09.25"]

1. d4 d5 2. c4 dxc4 3. e4 e5 4. Nf3 Bb4+ 5. Nc3 exd4 6. Nxd4 Ne7 7. Bxc4 Nbc6
8. Be3 O-O 9. Ndb5 Ba5 10. O-O a6 11. Nd4 Nxd4 12. Bxd4 Qd6 13. Re1 Be6 14.
Bxe6 Qxe6 15. Bc5 Rfd8 16. Qb3 Qxb3 17. axb3 Nc6 18. Be3 1/2-1/2